Loreto College Library, Kolkata
WEBOPAC (ONLINE PUBLIC ACCESS CATALOGUE)

Changing Our Schools (Record no. 27330)

MARC details
000 -LEADER
fixed length control field 00612nam a2200229Ia 4500
005 - DATE AND TIME OF LATEST TRANSACTION
control field 20240426152632.0
008 - FIXED-LENGTH DATA ELEMENTS--GENERAL INFORMATION
fixed length control field 131103s9999 xx 000 0 und d
020 ## - ISBN | অাই এস বি এন
ISBN | অাই এস বি এন 335192904
040 ## - CATALOGING SOURCE
Original cataloging agency Loreto College
041 ## - LANGUAGE CODE
Language code English
082 ## - DDC | ডিউই
Classification number | বর্গসংখ্যা 371.3
Book Number | গ্রন্থাঙ্ক STO
100 ## - MAIN ENTRY--PERSONAL NAME | মুখ্য সংলেখ - ব্যাক্তিনাম
Personal name | ব্যাক্তিনাম Stoll,Louise
245 ## - TITLE STATEMENT | অাখ্যা বিবরণী
Title | অাখ্যা Changing Our Schools
Sub title | উপঅাখ্যা
Statement of responsibility | লেখকের দায়িত্বের বিবরণ Louise Stoll Dean Fink
250 ## - EDITION STATEMENT | সংস্করণ ক্ষেত্র
Edition statement | সংস্করণ linking school effectiveness and school improvement
260 ## - IMPRINT | প্রকাশনা ক্ষেত্র
Place of publication | প্রকাশ স্থান Buckingham
Name of publisher | প্রকাশকের নাম OUP
Date of publication | প্রকাশ কাল 1996
300 ## - PHYSICAL DESCRIPTION |
Page / Vol. No | পৃষ্ঠা / খন্ড সংখ্যা xi,220p.
504 ## - BIBLIOGRAPHY, ETC. NOTE
Bibliography, etc Includes reference & index
650 ## - SUBJECT ADDED ENTRY--TOPICAL TERM | বিষয় শিরোনাম - মূল বিষয়
Topical term | মূল বিষয় Education
700 ## - ADDED ENTRY--PERSONAL NAME | অতিরিক্ত সংলেখ - ব্
Personal name | ব্যাক্তিনাম Fink, Dean
850 ## - HOLDING INSTITUTION
Holding institution LCBED
942 ## - ADDED ENTRY ELEMENTS (KOHA)
Koha item type Books
Holdings
Withdrawn status Lost status Source of classification Damaged status Not for loan Home library Current library Date acquired Total Checkouts Full call number Accession No. Date last seen Price effective from Koha item type Coded location qualifier
    Dewey Decimal Classification     Loreto College Loreto College 04/11/2013   371.3 STO 12338 B30172 04/11/2013 04/11/2013 Books